Countries beginning with G - Statistics

General Stats
  • This quiz has been taken 31 times
  • The average score is 10 of 11
Answer Stats
Hint Answer % Correct
Africa Gabon
97%
Africa Guinea
97%
Africa (The) gambia
97%
North America Grenada
93%
Europe Germany
90%
Europe Greece
90%
North America Guatemala
90%
South America Guyana
90%
Africa Guinea Bissau
86%
Asia Georgia
83%
Africa Ghana
83%
No matching quizzes found
Score Distribution
Percent of People with Each Score
Percentile by Number Answered
Your Score History
You have not taken this quiz